| 000 | 00597nam a2200229Ia 4500 | ||
|---|---|---|---|
| 003 | OSt | ||
| 005 | 20221007075713.0 | ||
| 006 | a|||||r|||| 00| 0 | ||
| 007 | ta | ||
| 008 | 221006b |||||||| |||| 00| 0 eng d | ||
| 024 | _a14,319 | ||
| 037 | _cTextual | ||
| 040 |
_aFLL _cFLL _beng |
||
| 041 |
_2eng _aeng |
||
| 082 | _aW691, L8 | ||
| 100 |
_aHolloway J. Au. _9694148 |
||
| 245 | 0 | _aState and capital | |
| 260 |
_aNew Delhi _bOxford and IBH publishing co. India _c1978 |
||
| 300 |
_a220p _ccm. |
||
| 942 |
_hW691, L8 _cTEXL _2CC |
||
| 999 |
_c1157070 _d1157070 |
||